000 01029nam a2200265 a 4500
001 45067
003 BD-RjUL
005 20211209053946.0
008 160722r1912 enk b 001 0 eng d
035 _a(BD-RjUL)45185
040 _aBD-RjUL
_beng
_cBD-RjUL
_dBD-RjUL
041 _aeng
082 _223
_a323.44
_bMIO 1963
100 1 _aMill, John Stuart
_d1806-1873.
_9138063
245 1 0 _aOn liberty Representative government ; The subjection of women :
_bthree essays /
_cby John Stuart Mill ; with an introduction by Millicent Garrett Fawcett.
260 _aLondon :
_bOxford University Press,
_c1912 [Reprinted 1942- 1963]
300 _axx, 548 p. ;
_c16 cm.
500 _a"In The World's classics first published in one volume in 1912"-- t.p. verso.
650 0 _aLiberty.
_9125356
650 0 _aRepresentative government and representation.
_9138064
650 0 _aWomen's rights.
_9138065
700 1 _aFawcett, Millicent Garrett
_d1847-1929.
_9229005
830 0 _aWorld's classics ;
_v170.
_9229006
942 _2ddc
_cBK
999 _c45067
_d45067